Statystyki dla Kraje z fiordami

Kliknij tutaj aby rozwiązać quiz!

Ogólne statystyki

  • Ten quiz został rozwiązany 138 razy
  • Średni wynik to 9 z 12

Statystyki odpowiedzi

Państwo% Poprawnych
Norwegia
97%
Szwecja
96%
Rosja
94%
Dania (Grenlandia)
91%
Islandia
91%
Kanada
91%
Stany Zjednoczone
90%
Wielka Brytania
77%
Irlandia
74%
Argentyna
55%
Chile
54%
Nowa Zelandia
36%

Rozkład punktacji

Percentyl według liczby udzielonych odpowiedzi

Procent ludzi z każdym wynikiem

Twoja historia wyników

Nie rozwiązałeś tego quizu